000 00861nam a2200217Ii 4500
003 JO-AjNU
008 230605s9999||||xx |||||||||||||| ||und||
017 _a1425/525
020 _a9960-14-118-7
040 _aJO-AjNU
_bara
_erda
_cJO-AjNU
041 _aara
050 1 4 _aHD30.D7812.2004
100 3 _aدركر،بيتر ف؛ترجمة ابراهيم بن علي الملحم؛راجع الترجمة مساعد بن عبدالله الفريان,
_eauthor
_927725
245 0 0 _aتحديات الادارة في القرن الواحد والعشرين=Management Challenges for the 21st Century
264 3 1 _aالرياض:معهد الادارة العمة،2004
300 _a191ص
336 _atext
_btxt
_2rdacontent
337 _aunmediated
_bn
_2rdamedia
338 _avolume
_bnc
_2rdacarrier
650 4 _aادارة اعمال-فلسفة
_927726
999 _aA10669
_c14237
_d14237